|
|
|
|
| LEADER |
00959cam a2200253 7i4500 |
| 001 |
0000020105 |
| 005 |
20191106090000.0 |
| 008 |
080425 eng |
| 020 |
|
|
|a 0471725951 (pbk.)
|
| 020 |
|
|
|a 9780471725954
|
| 090 |
0 |
0 |
|a QA76.5
|b .S55 2006
|
| 100 |
1 |
|
|a Silberschatz, Abraham
|
| 245 |
1 |
0 |
|a Operating system principles
|c Abraham Silberschatz, Peter Baer Galvin, Greg Gagne.
|
| 250 |
|
|
|a 7th ed.
|
| 260 |
|
|
|a Hoboken, N.J.:
|b John Wiley & Sons, Inc.,
|c 2006.
|
| 300 |
|
|
|a xx, 896 p.;
|c 27 cm.
|
| 504 |
|
|
|a Includes bibliographical references and index
|
| 650 |
0 |
0 |
|a Computer programming --
|x Management
|
| 650 |
0 |
0 |
|a Operating systems (Computers)
|
| 700 |
1 |
|
|a Gagne, Greg
|
| 700 |
1 |
|
|a Galvin, Peter Baer
|
| 997 |
|
|
|a Engineering & Life Sciences, Faculty
|b Engineering, Department
|
| 997 |
|
|
|a Communication, Visual Art & Computing, Faculty
|b Computing, Department
|
| 999 |
|
|
|a 0000030741
|b BOK
|c OPEN SHELF
|e 2nd Floor, Bestari Jaya
|